LEADER 00801nam0-22002891i-450 001 990001710580403321 005 20170503103414.0 035 $a000171058 035 $aFED01000171058 035 $a(Aleph)000171058FED01 035 $a000171058 100 $a20030910d1961----km-y0itay50------ba 101 0 $aita 200 1 $a<>buffles domestiques d' Asie importes au Congo$fM. Mammerickx. 210 $aBruxelles$cClarence Denis$d1961 215 $a97 p.$d24 cm 610 0 $aBufali 610 0 $aCongo 676 $a636.29 700 1$aMammerickx,$bM.$073764 801 0$aIT$bUNINA$gRICA$2UNIMARC 901 $aBK 912 $a990001710580403321 952 $a60 636 B 38$b37178$fFAGBC 959 $aFAGBC 996 $aBuffles domestiques d' Asie importes au Congo$9359528 997 $aUNINA LEADER 01332nam0 22002771i 450 001 UON00191323 005 20231205103216.1 010 $a88-85346-00-6 100 $a20030730d1991 |0itac50 ba 101 $aita 102 $aIT 105 $a|||| ||||| 200 1 $a Napoletani in Brasile$enella guerra di liberazione dall'invasione olandese (1625-1640)$fVittorio di Pace 210 $aNapoli$cFausto Fiorentino$d1991. 129 p. ; 23 cm. 606 $aBRASILE$xStoria coloniale$3UONC039515$2FI 620 $aIT$dNapoli$3UONL000012 676 $a981.03$cBrasile. Periodo coloniale, 1549-1822$v21 700 1$aDI_PACE$bVittorio$3UONV112615$0333829 712 $aFiorentino$3UONV266110$4650 801 $aIT$bSOL$c20240220$gRICA 912 $aUON00191323 950 $aSIBA - SISTEMA BIBLIOTECARIO DI ATENEO$dSI Bras XI 0335 $eSI LO 51170 5 0335 950 $aSIBA - SISTEMA BIBLIOTECARIO DI ATENEO$dSI Bras XI 0348 $eSI LO 57374 5 0348 950 $aSIBA - SISTEMA BIBLIOTECARIO DI ATENEO$dSI III STORIAAME 0971 $eSI SC 30228 5 0971 996 $aNapoletani in Brasile$91293001 997 $aUNIOR